[Event "Wch U12"]
[Site "Belfort"]
[Date "2005.07.21"]
[Round "2"]
[White "Swiercz, Dariusz"]
[Black "Chen, Gengyu"]
[Result "1-0"]
[WhiteElo "2138"]
[BlackElo "1599"]
[PlyCount "130"]
[EventDate "2005.07.19"]
[EventType "swiss"]
[EventRounds "11"]
[EventCountry "FRA"]
[SourceTitle "CBM 107 Extra"]
[Source "ChessBase"]
[SourceDate "2005.09.01"]
[SourceVersion "1"]
[SourceVersionDate "2005.09.01"]
[SourceQuality "1"]

1. e4 c5 2. Nf3 Nc6 3. d4 cxd4 4. Nxd4 Nf6 5. Nc3 e5 6. Ndb5 d6 7. Be3 a6 8. Na3 b5 9. Nd5 Rb8 10. Nxf6+ Qxf6 11. c4 b4 12. Nc2 Be7 13. Qd5 Bb7 14. Qd2 a5 15. b3 Qg6 16. f3 h6 17. Rd1 0-0 18. h4 Kh8 19. Bd3 Bc8 20. h5 Qh7 21. Ke2 Bd8 22. Qc1 Be6 23. g4 f6 24. Rh2 Qg8 25. Bxh6 Bb6 26. Bd2 Qh7 27. Rdh1 Kg8 28. Qe1 Kf7 29. g5 fxg5 30. Bxg5 Ke8 31. Qg3 Kd7 32. h6 g6 33. Rf1 Bd8 34. Rg1 Bxg5 35. Qxg5 Rg8 36. Rh4 Rbf8 37. Rg3 Kc7 38. Rg1 Bd7 39. Rf1 Rh8 40. Rg1 Rhg8 41. f4 exf4 42. Rxf4 Rxf4 43. Qxf4 g5 44. Qh2 Ne5 45. c5 Bg4+ 46. Rxg4 Nxg4 47. Qxd6+ Kb7 48. Qb6+ Ka8 49. Qxa5+ Qa7 50. h7 Rf8 51. Qxa7+ Kxa7 52. Nxb4 Rf2+ 53. Ke1 Rh2 54. Nd5 Rxh7 55. b4 Rh1+ 56. Kd2 Rh2+ 57. Kc3 Rxa2 58. Kd4 Nf2 59. Bc4 Ra1 60. e5 Re1 61. Ne3 g4 62. e6 g3 63. e7 g2 64. e8Q g1Q 65. Qd7+ Kb8 1-0